000 00657cam a22002171 4500
999 _c233444
_d233444
001 4531654
003 Nust
005 20170308094131.0
008 751229s1963 nyu 000 1 eng
010 _a 63017272
020 _a9780006161417
040 _aDLC
_cAk
_dDLC
050 0 0 _aPZ4.M1626
_bIc2
_aPR6063.A248
082 _a823.914
_bMAC
100 1 _aMacLean, Alistair,
_d1922-1987.
245 1 0 _aIce Station Zebra.
250 _a[1st ed.]
260 _aGarden City, N.Y.,
_bDoubleday,
_c1963.
300 _a392 p.
_c22 cm.
655 7 _aAdventure stories.
_2gsafd
906 _a7
_bcbc
_corignew
_du
_eocip
_f19
_gy-gencatlg
942 _2ddc
_cBK